000 00527nam a2200181Ia 4500
005 20250508151615.0
008 008 250505s9999 xx 000 0 hin d
037 _aTextual
040 _aFEDL
_beng
_cFEDL
041 _ahin
_2hin
084 _a954, KAS
_qFEDL
100 _aKashyap Arjun Chaube
_9759581
245 0 _aAadi bharat: Pracheen bharat ka rajnitik evam sanskritik itihas
260 _aBanaras, India
_bVanni Vihar
_c1953
300 _a704p
942 _cTEXL
_h954, KAS
999 _c1330910
_d1330910